Biochemical actions of hormones / (Record no. 136617)

MARC details
000 -LEADER
fixed length control field 00563nam a2200205 4500
010 ## - LIBRARY OF CONGRESS CONTROL NUMBER
LC control number A-835022
035 ## - SYSTEM CONTROL NUMBER
System control number A-835022
037 ## - SOURCE OF ACQUISITION
Source of stock number/acquisition Cen Lib / Ret
040 ## - CATALOGING SOURCE
Original cataloging agency DPL
Language of cataloging EN
082 ## - DEWEY DECIMAL CLASSIFICATION NUMBER
Classification number 574.1927
Item number LIT
100 ## - MAIN ENTRY--PERSONAL NAME
Personal name Litwack, Gerald
245 ## - TITLE STATEMENT
Title Biochemical actions of hormones /
Statement of responsibility, etc by Gerald Litwack
260 ## - PUBLICATION, DISTRIBUTION, ETC. (IMPRINT)
Place of publication, distribution, etc New York
Name of publisher, distributor, etc Gerald Litwack
Date of publication, distribution, etc 1970
270 ## - ADDRESS
Address Gerald Litwack
City New York
300 ## - PHYSICAL DESCRIPTION
Extent (v 1. xi, 548p)
Other physical details 24cm(Hb)
650 ## - SUBJECT ADDED ENTRY--TOPICAL TERM
Topical term or geographic name as entry element Hormones.
650 ## - SUBJECT ADDED ENTRY--TOPICAL TERM
Topical term or geographic name as entry element Hormonen.
650 ## - SUBJECT ADDED ENTRY--TOPICAL TERM
Topical term or geographic name as entry element Physiology.
942 ## - ADDED ENTRY ELEMENTS (KOHA)
Source of classification or shelving scheme Dewey Decimal Classification
Koha item type English Books
Classification part 574.1927
Call number suffix LIT
Holdings
Withdrawn status Lost status Materials specified (bound volume or other part) Damaged status Not for loan Home library Current library Date acquired Source of acquisition Total Checkouts Full call number Barcode Date last seen Copy number Price effective from Koha item type
    v 1     Central Library Central Library 05/03/2016 Cen Lib/Ret   574.1927 LIT A-835022 05/03/2016 1 05/03/2016 English Books

© Delhi Public Library
Hit Counter
free hit counter